000 00765nmc a2200277 a 4500
003 AR-BaBNM
005 20251128203216.0
008 306019s1940 ||||||||||||||000 | spa||
040 _cAR-BaBNM
100 1 _aRomero, Francisco
_d1891-1962
245 1 0 _aAlejandro Korn
260 _aBuenos Aires
_bLosada
_c1940
300 0 _a138 p.
_bláms.
490 0 _aBiblioteca filosófica. Estudios y documentos sobre la filosofía en América
650 4 _aBIOGRAFIAS
650 4 _aHISTORIA CULTURAL
650 4 _aHISTORIA DE LA FILOSOFIA
650 4 _aHISTORIA DE LAS IDEAS
651 4 _aArgentina
655 _aBIOGRAFIAS
700 1 _aVassallo, Angel
700 1 _aAznar, Luis
800 1 _aRomero, Francisco
_edirector
942 _cBK
998 _cEnrique
999 _c2396
_d2396